000 00339nam a2200133 i 4500
001 bg
100 1 _aWOJCIECHOWSKI, Edward
245 0 _aZasady rachunkowości w przedsiębiorstwach... /
_cEdward Wojciechowski.
260 _aWarszawa,
_c1972.
040 _cBPK
041 _apol
942 _cKS
008 s pl f |000 0 pol
999 _c9801
_d9801
856 _uhttp://koha.tu.koszalin.pl/cgi-bin/koha/opac-detail.pl?biblionumber=9801
_yKatalog online BPK